00493 2200181 4500245006800000250001100068100002400079700001400103650002200117650002000139005001900159260005500178041001400233084001100247300001900258490002500277336000900302 aRatu Kalinyamat Sejarah atau Mitos ?cBAMBANG SULISTYANTOhText aCet. 1 aBambang Sulistyanto aNasruddin aSejarah Indonesia aRatu Kalinyamat a20240902104131 aJakartabPusat Penelitian Arkeologi Nasionalc2019 aIndonesia a913.01 a14,8 x 21 cm : aSeri Rumah Bergambar atext